Culture Générale - Série 685 - Statistiques

Statistiques générales
  • Ce quiz a été pris 150 fois
  • Le résultat moyen est 8 sur 10
Statistiques - réponses
Question Réponse % Correct
Combien de bras, également appelés branches, une étoile de mer possède-t-elle habituellement ? cinq
96%
Je peux être de pécan, de cajou ou de coco. Que suis-je ? noix
96%
On dit de quelqu'un qui s'est instruit lui-même que c'est un auto... didacte
91%
Les pâtes alimentaires ressemblant à des vermicelles très fins sont des cheveux... d'ange
89%
En 1970, dans un film de Jacques Demy adapté d'un conte de Perrault, de quel animal Catherine Deneuve revêt-elle la peau ? âne
88%
Quelle sorte de volet tient son nom de la Perse ? persienne
83%
Qui a découvert l'île de Cuba, au XVe siècle ? Christophe Colomb
78%
Dans quelle discipline d'athlétisme, l'Américain Dick Fosbury fut-il sacré champion olympique en 1968 ? Saut en hauteur
78%
Quel nom, contraction de "poubelle" et de "courriel", désigne les courriers électroniques envoyés massivement aux internautes ? pourriel
72%
Quelle école est surnommée "l'X" ? L'École polytechnique
61%
Aucun quiz correspondant
Distribution des résultats
% des personnes avec chaque résultat
Percentile par nombre de réponses
Votre historique - résultats
Vous n’avez pas pris ce quiz